Les villes les plus peuplés du Moyen-Orient - Statistiques

Statistiques générales
  • Ce quiz a été pris 78 fois
  • Le résultat moyen est 8 sur 15
Statistiques - réponses
Population Ville % Correct
16,8M Téhéran
89%
5,95M Dubaï
85%
22,6M Le Caire
82%
7,50M Riyad
82%
16,2M Istanbul
78%
2,95M Tel-Aviv
75%
5,15M Ankara
69%
6,20M Alexandrie
63%
3,92M Jeddah / Djeddah
50%
2,60M La Mecque
46%
3M Izmir
35%
3,32M Ispahan
31%
4,77M Koweït City
24%
2,82M Dammam
7%
3,42M Mashhad
4%
Aucun quiz correspondant
Distribution des résultats
% des personnes avec chaque résultat
Percentile par nombre de réponses
Votre historique - résultats
Vous n’avez pas pris ce quiz